000 00579cam a2200205 a 4500
020 _a9781604692709
020 _a1604692707
040 _cDNAL
082 0 0 _a631TIM 2013 C146 Or.
100 1 _aShein, Christopher.
245 1 4 _aThe vegetable gardener's guide to permaculture :
_bcreating an edible ecosystem /
250 _a1st ed.
260 _aPortland, Or. :
_bTimber Press,
_cc 2013.
300 _a272 p. :
_bcol. ill. ;
_c26 cm.
650 0 _aPermaculture.
650 0 _aVegetable gardening.
650 0 _aFood crops.
700 1 _aThompson, Julie,
942 _cAEDBB
999 _c18459
_d18459